Những quyết sách của Đảng ta đối với đế quốc phát xít Pháp - Nhật ở Việt Nam trong những năm 1945 - 1946
Chiến tranh Thế giới lần thứ II và những quyết sách của Đảng ta đối với đế quốc phát xít Pháp - Nhật. Thực dân Pháp quay trở lại xâm lược Việt Nam, những quyết sách của Đảng trong năm đầu tiên sau cách mạng
সংরক্ষণ করুন:
| প্রধান লেখক: | |
|---|---|
| অন্যান্য লেখক: | |
| বিন্যাস: | গ্রন্থ |
| ভাষা: | Vietnamese |
| প্রকাশিত: |
Đại học Đà Nẵng
Trường đại học Sư Phạm
2011
|
| মালা: | Khóa luận tốt nghiệp đại học. Chuyên ngành: Sư phạm Sử
|
| বিষয়গুলি: | |
| ট্যাগগুলো: |
ট্যাগ যুক্ত করুন
কোনো ট্যাগ নেই, প্রথমজন হিসাবে ট্যাগ করুন!
|
| Thư viện lưu trữ: | Mạng thư viện Đại học Đà Nẵng |
|---|
| LEADER | 01428nam a2200325 4500 | ||
|---|---|---|---|
| 001 | 000012379 | ||
| 003 | 8675 | ||
| 005 | 20120220080257.0 | ||
| 008 | 120220s2011 viesd | ||
| 041 | |a vie | ||
| 072 | |a Khóa luận tốt nghiệp | ||
| 082 | |a 324.25970751 |b PH-A | ||
| 100 | |a Phạm, Trọng Anh | ||
| 245 | |a Những quyết sách của Đảng ta đối với đế quốc phát xít Pháp - Nhật ở Việt Nam trong những năm 1945 - 1946 |c Phạm, Trọng Anh | ||
| 260 | |a Đại học Đà Nẵng |b Trường đại học Sư Phạm |c 2011 | ||
| 300 | |a 64 tr. |b hình mhọa |c 29 cm | ||
| 490 | |a Khóa luận tốt nghiệp đại học. Chuyên ngành: Sư phạm Sử | ||
| 500 | |a Tham khảo tr.62 + phụ lục [15 tr.] | ||
| 520 | |a Chiến tranh Thế giới lần thứ II và những quyết sách của Đảng ta đối với đế quốc phát xít Pháp - Nhật. Thực dân Pháp quay trở lại xâm lược Việt Nam, những quyết sách của Đảng trong năm đầu tiên sau cách mạng | ||
| 653 | |a Khóa luận tốt nghiệp đại học | ||
| 653 | |a Khoa Lịch Sử | ||
| 700 | |a Nguyễn, Hữu Giang |c Th.S |e Hướng dẫn | ||
| OWN | |a LSP | ||
| 999 | |a From the UDN01 | ||
| TYP | |a Monograph | ||
| TYP | |a Printed language | ||
| 980 | |a Mạng thư viện Đại học Đà Nẵng | ||